NLSUI OPAC header image

Efficiency instead of justice? : (Record no. 29227)

MARC details
000 -LEADER
fixed length control field 01006cam a2200265 a 4500
005 - DATE AND TIME OF LATEST TRANSACTION
control field 20260409140729.0
008 - FIXED-LENGTH DATA ELEMENTS--GENERAL INFORMATION
fixed length control field 081204s2009 nyua b 001 0 eng d
020 ## - INTERNATIONAL STANDARD BOOK NUMBER
International Standard Book Number 9781402097973 (pbk)
082 ## - DEWEY DECIMAL CLASSIFICATION NUMBER
Classification number 330 MAT
100 1# - MAIN ENTRY--PERSONAL NAME
Personal name Mathis, Klaus
245 10 - TITLE STATEMENT
Title Efficiency instead of justice? :
Remainder of title searching for the philosophical foundations of the economic analysis of law /
Statement of responsibility, etc. Klaus Mathis ; translated by Deborah Shannon.
260 ## - PUBLICATION, DISTRIBUTION, ETC.
Place of publication, distribution, etc. New York :
Name of publisher, distributor, etc. Springer,
Date of publication, distribution, etc. 2009.
300 ## - PHYSICAL DESCRIPTION
Extent xv, 220 p. :
Dimensions 24 cm.
365 ## - TRADE PRICE
Price amount Rs. 5372.00
440 ## - SERIES STATEMENT/ADDED ENTRY--TITLE
Title Law and philosophy library 84
650 #0 - SUBJECT ADDED ENTRY--TOPICAL TERM
Topical term or geographic name entry element Justice, Administration of
General subdivision Economic aspects.
650 #0 - SUBJECT ADDED ENTRY--TOPICAL TERM
Topical term or geographic name entry element Procedure (Law)
General subdivision Economic aspects.
650 #0 - SUBJECT ADDED ENTRY--TOPICAL TERM
Topical term or geographic name entry element Law
General subdivision Philosophy.
650 #0 - SUBJECT ADDED ENTRY--TOPICAL TERM
Topical term or geographic name entry element Economics.
650 #7 - SUBJECT ADDED ENTRY--TOPICAL TERM
Topical term or geographic name entry element Ökonomische Theorie des Rechts
General subdivision Rechtsphilosophie.
Source of heading or term swd
700 1# - ADDED ENTRY--PERSONAL NAME
Personal name Shannon, Deborah
760 ## - MAIN SERIES ENTRY
Edition Law and philosophy library 84
856 41 - ELECTRONIC LOCATION AND ACCESS
Materials specified Table of contents
Uniform Resource Identifier <a href="http://www.loc.gov/catdir/enhancements/fy1207/2008942998-t.html">http://www.loc.gov/catdir/enhancements/fy1207/2008942998-t.html</a>
942 ## - ADDED ENTRY ELEMENTS (KOHA)
Source of classification or shelving scheme Dewey Decimal Classification
Koha item type BOOKs
Holdings
Withdrawn status Lost status Source of classification or shelving scheme Damaged status Not for loan Home library Current library Shelving location Date acquired Cost, normal purchase price Total Checkouts Full call number Barcode Date last seen Date last checked out Price effective from Koha item type
    Dewey Decimal Classification     . . General Stacks 30.05.2017 5372.00 5 330 MAT 26042 11.05.2024 02.05.2024 30.05.2017 BOOKs